WRITING LAW DISSERTATIONS (Record no. 216958)
[ view plain ]
| 000 -LEADER | |
|---|---|
| fixed length control field | 00425nam a22001457a 4500 |
| 008 - FIXED-LENGTH DATA ELEMENTS--GENERAL INFORMATION | |
| fixed length control field | 260415b |||||||| |||| 00| 0 eng d |
| 020 ## - INTERNATIONAL STANDARD BOOK NUMBER | |
| International Standard Book Number | 978-0-5828-9435-8 |
| 050 ## - LIBRARY OF CONGRESS CALL NUMBER | |
| Classification number | KD 392.S25 2007 |
| 100 ## - MAIN ENTRY--PERSONAL NAME | |
| Personal name | MICHAEL SALTER |
| 245 ## - TITLE STATEMENT | |
| Title | WRITING LAW DISSERTATIONS |
| Remainder of title | AN INTRODUCTION AND GUIDE TO THE CONDUCT OF LEGAL RESEARCH |
| 260 ## - PUBLICATION, DISTRIBUTION, ETC. | |
| Place of publication, distribution, etc. | NEWYORK |
| Name of publisher, distributor, etc. | PEARSON LONGMAN |
| 300 ## - PHYSICAL DESCRIPTION | |
| Extent | X,245 |
| 942 ## - ADDED ENTRY ELEMENTS (KOHA) | |
| Source of classification or shelving scheme | Library of Congress Classification |
| Koha item type | Long Loan Book |
| Withdrawn status | Lost status | Source of classification or shelving scheme | Damaged status | Not for loan | Collection | Home library | Current library | Shelving location | Date acquired | Inventory number | Total checkouts | Full call number | Barcode | Date last seen | Copy number | Price effective from | Koha item type |
|---|---|---|---|---|---|---|---|---|---|---|---|---|---|---|---|---|---|
| Library of Congress Classification | Law | Kisii University Library | Kisii University Library | On Display | 04/15/2026 | 112109 | KD 392.S25 2007 | A001368 | 04/15/2026 | C.9 | 04/15/2026 | Long Loan Book | |||||
| Library of Congress Classification | Law | Kisii University Library | Kisii University Library | On Display | 04/15/2026 | 112107 | KD 392.S25 2007 | A001367 | 04/15/2026 | C.7 | 04/15/2026 | Long Loan Book | |||||
| Library of Congress Classification | Law | Kisii University Library | Kisii University Library | On Display | 04/15/2026 | 112108 | KD 392.S25 2007 | A001366 | 04/15/2026 | C.8 | 04/15/2026 | Long Loan Book |